| 000 | 00421nam a2200157 a 4500 | ||
|---|---|---|---|
| 001 | 000037190 | ||
| 005 | 20200930080209.0 | ||
| 008 | 120229s1970 xxua 000 0 spa d | ||
| 040 |
_aDO-SdBNP _bspa _cBNPHU |
||
| 082 |
_axxxx _bB588s |
||
| 100 | 1 |
_aBierstedt, Robert, _d1913- _963601 |
|
| 245 | 1 | 0 | _aThe social order. |
| 250 | _a3a ed | ||
| 260 |
_aNew York : _bMcGraw-Hill, _c1970. |
||
| 300 |
_axi, 563 p. : _bil. ; _c24 cm. |
||
| 999 |
_c36680 _d36680 |
||